00972nam a2200265 a 450000100060000000300080000600500170001400800410003102000150007203500190008704000230010604100080012908200240013710000310016124500700019226000500026230000350031250400510034765000270039865000330042583000610045894200120051999900170053195201580054869838BD-RjUL20211209081930.0170413s2004 ii a b 001 0 eng d a8120325001 a(BD-RjUL)70050 aDLCcDLCdDLCbeng aeng00a660.6223bFIE 20041 aFitch, J. Patrick.920684813aAn engineering introduction to biotechnology /cJ. Patrick Fitch. aNew Delhi :bPrentice hall of india, cc2004. axiii, 127 p. :bill. ;c25 cm. aIncludes bibliographical references and index. 0aBiotechnology.9206850 0aGenetic engineering.9206851 aTutorial texts in optical engineering ;vv. TT559206855 2ddccBK c69838d69838 00102ddc40718NFICaRUCLbRUCLcReadingd2013-06-29eDhaka, Associated Bussunesssg190.00l0o660.6 FIE 2004r2017-04-13 00:00:00tC-1w2017-04-13yBK